| 000 | 00868nas a2200277 4500 | ||
|---|---|---|---|
| 001 | BR0900413 | ||
| 003 | BR-BrBNA | ||
| 005 | 20231205113021.0 | ||
| 007 | ta | ||
| 008 | 230509b bl.|||p| |||| 00| 00por d | ||
| 040 |
_aBR-BrBNA _bpor _cBiblioteca Nacional de Agricultura |
||
| 041 | _a(Pt) | ||
| 072 | _aN01; U40 | ||
| 100 | 1 | _aMedeiros, F.A. | |
| 100 | 1 | _aAlonço, A. dos S. | |
| 100 | 1 | _aBalestra, M.R.G. | |
| 100 | 1 | _aDias, V. de O. | |
| 100 | 1 | _aLanderhal Júnior, M.L. | |
| 245 | 1 | _aUtilização de um veículo aéreo não-tripulado em atividades de imageamento georeferenciado | |
| 650 | _aAGRICULTURA | ||
| 650 | _aENGENHARIA AGRÍCOLA | ||
| 650 | _aSENSORIAMENTO REMOTO | ||
| 773 | 0 |
_tCiência Rural (Brazil) _xISSN 0103-8478 _g(Nov 2008), v. 38(8) p. 2375-2378 _wBR0900413 |
|
| 909 |
_a202311 _bLúcia _c55 _dLúcia Elande |
||
| 942 |
_2AGRIS _n0 _cANA |
||
| 999 |
_c201358 _d201358 |
||